000 00778nam a22002177a 4500
005 20120822101321.0
008 120822t xxu||||| |||| 00| 0 eng d
010 _aENG-105595
020 _a9789382246169
_c175.00
035 _aEN-89128
037 _bDBAD/PUB
040 _aDPL
_bEng
100 _951282
_aGandotra, Vanita
245 _aFiction of R.K. Narayan-synthesis of regional and universal /
_cby Vanita Gandotra
260 _aChandigarh
_bUnistar Books
_c2012
270 _aS.C.O.26-27, Sector 34A
_bChandigarh
_e160022
300 _axi,75p.
_c23cm(Hb)
500 _aIncludes bibliographical references
942 _2ddc
_cEN
_mGAN
999 _c69172
_d69172